[Event "Spijkenisse op-A 3rd"]
[Site "Spijkenisse"]
[Date "2013.10.26"]
[Round "3"]
[White "Den Boer, Lennard"]
[Black "Van Buuren, Fabian"]
[Result "1-0"]
[WhiteElo "2041"]
[BlackElo "2008"]
[PlyCount "77"]
[EventDate "2013.10.25"]
[EventType "swiss"]
[EventRounds "6"]
[EventCountry "NED"]
[SourceTitle "EXT 2014"]
[Source "ChessBase"]
[SourceDate "2013.11.20"]
[SourceVersion "1"]
[SourceVersionDate "2013.11.20"]
[SourceQuality "1"]

1. e4 c5 2. c3 Nf6 3. e5 Nd5 4. d4 cxd4 5. cxd4 d6 6. Bc4 Nb6 7. Bb5+ Bd7 8. e6 Bxb5 9. Qh5 Qc7 10. Qxb5+ Kd8 11. Nc3 fxe6 12. Nf3 Qc6 13. Qh5 Qe8 14. Qg4 Qg6 15. Ng5 Ke8 16. Qxe6 Qxe6+ 17. Nxe6 Kd7 18. d5 Na6 19. Be3 Nc4 20. Ke2 Nxe3 21. fxe3 g6 22. Rhf1 Bh6 23. g4 Rac8 24. Rac1 Nc7 25. g5 Bf8 26. Ne4 Nxe6 27. dxe6+ Kd8 28. Rxc8+ Kxc8 29. Rf7 h6 30. gxh6 d5 31. Nc3 Kc7 32. Nxd5+ Kd6 33. Nf4 Bxh6 34. Nxg6 Re8 35. h4 Kxe6 36. Rh7 Bxe3 37. Kxe3 Kf6 38. h5 b5 39. Rh8 1-0